Library Banner

A Dictionary of econometrics (Record no. 69490)

MARC details
000 -LEADER
fixed length control field 00472nam a2200181Ia 4500
001 - CONTROL NUMBER
control field 66151
008 - FIXED-LENGTH DATA ELEMENTS--GENERAL INFORMATION
fixed length control field 150404s9999 xx 000 0 und d
020 ## - INTERNATIONAL STANDARD BOOK NUMBER
International Standard Book Number 1858983282
040 ## - CATALOGING SOURCE
Transcribing agency PK-LaUMT
082 ## - DEWEY DECIMAL CLASSIFICATION NUMBER
Classification number R 330.01519503
Item number DAR-D
100 ## - MAIN ENTRY--PERSONAL NAME
Personal name Darnell, Adrian C.
245 #2 - TITLE STATEMENT
Title A Dictionary of econometrics
Statement of responsibility, etc Darnell, Adrian C.
260 ## - PUBLICATION, DISTRIBUTION, ETC. (IMPRINT)
Place of publication, distribution, etc Cheltenham,UK:
Name of publisher, distributor, etc Edward Elgar,
Date of publication, distribution, etc 1997
300 ## - PHYSICAL DESCRIPTION
Extent 458 p.
546 ## - LANGUAGE NOTE
Language note EN
650 ## - SUBJECT ADDED ENTRY--TOPICAL TERM
Topical term or geographic name as entry element Econometrics-Dictionaries
942 ## - ADDED ENTRY ELEMENTS (KOHA)
Koha item type Reference
Holdings
Withdrawn status Lost status Source of classification or shelving scheme Damaged status Not for loan Home library Current library Date acquired Total Checkouts Full call number Barcode Date last seen Price effective from Koha item type
    Dewey Decimal Classification     UMT Main Campus UMT Main Campus 2015-04-02   R 330.01519503 DAR-D 89837 2015-04-04 2015-04-04 Reference
Withdrawn   Dewey Decimal Classification Damaged Not For Loan UMT Main Campus UMT Main Campus 2015-04-04   R 330.01519503 DAR-D 89838 2015-04-04 2015-04-04 Reference